| 000 | 00439nam a22001457a 4500 | ||
|---|---|---|---|
| 008 | 250514b |||||||| |||| 00| 0 eng d | ||
| 020 | _a9781784159283 | ||
| 050 |
_aHG4015 _b.F56 |
||
| 245 |
_aCIMA Subjectt3 _bFinanacial Strategy Study Text |
||
| 250 | _aKaylan Financial Limited | ||
| 260 |
_aBerkshire-uk _bKaplan Publishing |
||
| 300 |
_axiv, 539p. _bill. |
||
| 650 | _aCharted Institute of Management -Finance -Examination | ||
| 942 | _cBK | ||
| 999 |
_c3476 _d3476 |
||